000 00844nam a22002297a 4500
999 _c3322
_d3322
001 3322
003 BD-JhCC
005 20171112191404.0
008 171112s1986 bg |||| |||| 000 0 ben d
035 _a(BD-JhCC)3322
040 _aBD-JhCC
_dBD-JhCC
041 _aben
082 _a891.4435
_bCHA 1986
100 _aচন্দর, কৃষণ
245 _aকৃষণ চন্দরঃ নির্বাচিত গল্প /
_cকৃষণ চন্দর অনুবাদ এ বি এম কামাল উদ্দিন শামীম
260 _aঢাকা :
_bমুক্তধারা ,
_c১৯৮৬.
300 _a১৩০ পৃ. :
_c২২ সেমি.
650 _aShort Stories
700 _aশামীম, এ বি এম কামাল উদ্দিন
942 _2ddc
_cBK